| 000 | 01000cam a2200313 a 4500 | ||
|---|---|---|---|
| 999 |
_c7796 _d7796 |
||
| 001 | 991018125139706706 | ||
| 003 | OSt | ||
| 005 | 20231024114505.0 | ||
| 008 | 941123s1978 spc|||| |||| 000 0|cat|c | ||
| 017 | _aDL M. 3945-1978 | ||
| 020 | _a8436800532 | ||
| 035 | _a(ES-BaCBU).b14570427 | ||
| 035 | _a(OCoLC)803459978 | ||
| 040 |
_aES-BaCBU _bcat _cCDMR |
||
| 080 | _a070(03)=60 | ||
| 100 | 1 |
_aLópez De Zuazo Algar, Antonio _9296 |
|
| 245 | 1 | 0 |
_aDiccionario del periodismo / _cAntonio López de Zuazo Algar ; prólogo: José Luis Martínez Albertos |
| 250 | _a[2a ed., corr. y aum.] | ||
| 260 |
_aMadrid : _bPirámide, _c1978 |
||
| 300 |
_a253 p. ; _c19 cm |
||
| 490 | 1 | _aDiccionarios | |
| 650 | 7 |
_aPeriodisme _xDiccionaris _xCastellà. _2lemac |
|
| 700 | 1 |
_92108 _aMartínez Albertos, José Luís |
|
| 830 | 0 | _aDiccionarios (Ediciones Pirámide) | |
| 907 |
_a.b14570427 _b15-06-21 _c07-05-08 _d07-05-08 _em _fa _g- _hcat _ispc _j0 _k2 |
||
| 908 |
_aBC _aUB |
||
| 940 | _aBC | ||
| 942 |
_2udc _cREF |
||